Statistics for The Nationality of all the Countries

Click here to take the quiz!

General Stats

  • This quiz has been taken 34 times
  • The average score is 97 of 196

Answer Stats

CountryNationality% Correct
AlbaniaAlbanian
100%
AfghanistanAfghan
96%
AlgeriaAlgerian
96%
AngolaAngolan
92%
AndorraAndorran
88%
ArmeniaArmenian
79%
AustraliaAustralian
79%
AustriaAustrian
79%
ArgentinaArgentine
71%
AzerbaijanAzerbaijani
71%
BelgiumBelgian
71%
BahrainBahraini
67%
BangladeshBangladeshi
67%
BoliviaBolivian
67%
GreeceGreek
67%
IndiaIndian
67%
PolandPolish
67%
BelarusBelarusian
63%
Bosnia and HerzegovinaBosnian
63%
BulgariaBulgarian
63%
CanadaCanadian
63%
ChinaChinese
63%
ColombiaColombian
63%
Costa RicaCosta Rican
63%
CroatiaCroatian
63%
CubaCuban
63%
Czech Republic/CzechiaCzech
63%
EcuadorEcuadorian
63%
EgyptEgyptian
63%
EthiopiaEthiopian
63%
FranceFrench
63%
GeorgiaGeorgian
63%
IraqIraqi
63%
IrelandIrish
63%
IsraelIsraeli
63%
ItalyItalian
63%
JamaicaJamaican
63%
JapanJapanese
63%
JordanJordanian
63%
KenyaKenyan
63%
MalaysiaMalaysian
63%
MexicoMexican
63%
MongoliaMongolian
63%
NigeriaNigerian
63%
NigerNigerien
63%
North KoreaNorth Korean
63%
PakistanPakistani
63%
PeruPeruvian
63%
PortugalPortuguese
63%
QatarQatari
63%
RomaniaRomanian
63%
RussiaRussian
63%
SamoaSamoan
63%
SerbiaSerbian
63%
SlovakiaSlovak
63%
SloveniaSlovenian
63%
SomaliaSomali
63%
South AfricaSouth African
63%
South KoreaSouth Korean
63%
SpainSpanish
63%
SwedenSwedish
63%
SwitzerlandSwiss
63%
SyriaSyrian
63%
TajikistanTajik
63%
ThailandThai
63%
TongaTongan
63%
BrazilBrazilian
58%
CambodiaCambodian
58%
DenmarkDanish
58%
Dominica | Dominican RepublicDominican
58%
EstoniaEstonian
58%
The GambiaGambian
58%
GermanyGerman
58%
HungaryHungarian
58%
IcelandIcelandic
58%
IndonesiaIndonesian
58%
IranIranian
58%
KazakhstanKazakh
58%
KuwaitKuwaiti
58%
LaosLao
58%
LatviaLatvian
58%
LiberiaLiberian
58%
LibyaLibyan
58%
LithuaniaLithuanian
58%
MaliMalian
58%
MauritaniaMauritanian
58%
MoldovaMoldovan
58%
MoroccoMoroccan
58%
NamibiaNamibian
58%
NorwayNorwegian
58%
SenegalSenegalese
58%
TaiwanTaiwanese
58%
TunisiaTunisian
58%
TurkeyTurkish
58%
UkraineUkrainian
58%
United KingdomBritish
54%
ChileChilean
54%
NetherlandsDutch
54%
EritreaEritrean
54%
FijiFijian
54%
FinlandFinnish
54%
HaitiHaitian
54%
LebanonLebanese
54%
MalawiMalawian
54%
MicronesiaMicronesian
54%
NepalNepalese
54%
NicaraguaNicaraguan
54%
North MacedoniaNorth Macedonian
54%
OmanOmani
54%
Saudi ArabiaSaudi Arabian
54%
South SudanSouth Sudanese
54%
Sri LankaSri Lankan
54%
SudanSudanese
54%
TanzaniaTanzanian
54%
TurkmenistanTurkmen
54%
UgandaUgandan
54%
VietnamVietnamese
54%
ZambiaZambian
54%
United States of AmericaAmerican
50%
BahamasBahamian
50%
PhilippinesFilipino
50%
GabonGabonese
50%
GuatemalaGuatemalan
50%
GuineaGuinean
50%
MaltaMaltese
50%
MauritiusMauritian
50%
BhutanBhutanese
46%
CameroonCameroonian
46%
ChadChadian
46%
Democratic Republic of the Congo | Republic of the CongoCongolese
46%
DjiboutiDjiboutian
46%
GrenadaGrenadian
46%
MaldivesMaldivian
46%
PanamaPanamanian
46%
RwandaRwandan
46%
VenezuelaVenezuelan
46%
YemenYemeni
46%
MyanmarBurmese
42%
BurundiBurundian
42%
MontenegroMontenegrin
42%
New ZealandNew Zealander
42%
SingaporeSingaporean
42%
UzbekistanUzbekistani
42%
BarbadosBarbadian
38%
CyprusCypriot
38%
GuyanaGuyanese
38%
KosovoKosovan
38%
LuxembourgLuxembourgish
38%
Papua New GuineaPapua New Guinean
38%
Saint LuciaSaint Lucian
38%
Equatorial GuineaEquatorial Guinean
33%
GhanaGhanaian
33%
KyrgyzstanKyrgyzstani
33%
ParaguayParaguayan
33%
UruguayUruguayan
33%
ZimbabweZimbabwean
33%
BeninBeninese
29%
BruneiBruneian
29%
KitibatiGilbertese
29%
HondurasHonduran
29%
NauruNauruan
29%
SurinameSurinamese
29%
Timor-Leste/East TimorTimorese
29%
Vatican CityVaticanian
29%
BelizeBelizean
25%
Central African RepublicCentral African
25%
ComorosComorian
25%
Marshall IslandsMarshallese
25%
PalauPalauan
25%
Solomon IslandsSolomon Islander
25%
TuvaluTuvaluan
25%
Antigua and BarbudaAntiguan and Barbudan
21%
Côte d’Ivoire/Ivory CoastIvorian
21%
MadagascarMalagasy
21%
EswatiniSwazi
21%
LiechtensteinLiechtensteiner
17%
TogoTogolese
17%
Cabo Verde/Cape VerdeCape Verdean
13%
United Arab EmiratesEmirati
13%
San MarinoSammarinese
13%
Sierra LeoneSierra Leonean
13%
MonacoMonegasque
8%
MozambiqueMozambican
8%
El SalvadorSalvadoran
8%
SeychellesSeychellois
8%
LesothoBasotho
4%
Guinea-BissauBissau-Guinean
4%
Burkina FasoBurkinabe
4%
Saint Kitts and NevisKittitian
4%
BotswanaMotswana
4%
VanuatuNi-Van
4%
Trinidad and TobagoTrinidadian and Tobagonian
4%
Saint Vincent and the GrenadinesVincentian
4%
São Tomé and PríncipeSão Toméans
0%

Score Distribution

Percentile by Number Answered

Percent of People with Each Score

Your Score History

You have not taken this quiz